000 00799nam a2200217Ia 4500
003 GCL
008 140319s9999 xx 000 0 ara d
020 _a6030879953
040 _aGCL /
_cGCL
082 0 4 _a327.11
_bد ح
245 1 0 _aحرب كسر الارادة بين المقاومة والمشروع الصهيوامريكى - فلسطين ولبنان 2006
250 _aالاولى
260 _aبيروت :
_bالدار العربية للعلوم ،
_c2007
300 _a224 ص ؛
_c24 سم
650 0 4 _aالنزاع العربى الاسرائيلى
650 0 4 _aالاعتداء الاسرائيلى على لبنان
650 0 4 _aحزب الله
650 0 4 _aحزب الله - حروب - اسرائيل
650 0 4 _aالمقاومة اللبنانية
942 _2ddc
_cBK
999 _c9470
_d9470